Ekonomická bublina a menová politika

Problematika bublín v ekonomike, na kapitálových trhoch a úloha centrálnej banky pri tomto jave. Kedy vznikajú a príčiny ich vzniku.

Na minha lista:
Detalhes bibliográficos
Autor principal: Bačišin, Vladimír
Formato: Capítulo de Livro
Idioma:eslovaco
Assuntos:
Tags: Adicionar Tag
Sem tags, seja o primeiro a adicionar uma tag!

MARC

LEADER 00000nla a2200000 4500
001 0169113
005 20240223073510.2
041 0 |a slo 
044 |a SK 
245 1 0 |a Ekonomická bublina a menová politika  |c Vladimír Bačišin 
520 |a Problematika bublín v ekonomike, na kapitálových trhoch a úloha centrálnej banky pri tomto jave. Kedy vznikajú a príčiny ich vzniku. 
610 2 0 |a trh kapitálový 
610 2 0 |a bubliny finančné 
610 2 0 |a politika menová 
610 2 0 |a banky centrálne 
100 1 |a Bačišin, Vladimír